Classifica Marcatori Serie A 2023-2024 - Statistics

Statistiche generali
  • Questo quiz è stato fatto 217 volte
  • Il punteggio medio è 17 su 19
Statistiche sulle risposte
Gol Nazione Squadra Calciatore % Corretto
16 Serbia Juventus Dušan Vlahović
99%
24 Argentina Inter Lautaro Martínez
99%
13 Francia Inter Marcus Thuram
98%
13 Argentina Roma Paulo Dybala
98%
12 Stati Uniti Milan Christian Pulisic
97%
15 Francia Milan Olivier Giroud
97%
13 Belgio Roma Romelu Lukaku
97%
15 Nigeria Napoli Victor Osimhen
97%
13 Colombia Atalanta / Torino Duván Zapata
96%
11 Nigeria Atalanta Ademola Lookman
95%
11 Georgia Napoli Khvicha K'varatskhelia
95%
14 Islanda Genoa Albert Guðmundsson
93%
12 Italia Atalanta Gianluca Scamacca
92%
13 Turchia Inter Hakan Çalhanoğlu
91%
11 Paesi Bassi Bologna Joshua Zirkzee
87%
11 Argentina Frosinone Matías Soulé
87%
12 Argentina Fiorentina Nicolás González
77%
11 Italia Sassuolo Andrea Pinamonti
76%
12 Paesi Bassi Atalanta Teun Koopmeiners
76%
Nessun quiz corrispondente trovato
Distribuzione punteggi
Percentuale di utenti per punteggio
Percentile per numero di risposta
I tuoi punteggi nel tempo
Non hai fatto questo quiz